000 00640nam a2200229Ia 4500
003 OSt
005 20221007062414.0
006 a|||||r|||| 00| 0
007 ta
008 221006b |||||||| |||| 00| 0 eng d
024 _a14,773
037 _cTextual
040 _aFLL
_cFLL
_beng
041 _2eng
_aeng
082 _aX:9:Z2, K6
100 _aBhargava V. Au.
_9682745
245 0 _aHow to appoint, conduct enquiries and punish employees in industries
260 _aAllahabad
_bLaw pub. house India
_c1966
300 _a150p
_ccm.
942 _hX:9:Z2, K6
_cTEXL
_2CC
999 _c1128494
_d1128494